<?xml version="1.0" encoding="UTF-8"?>
<collection xmlns="http://www.loc.gov/MARC21/slim">
 <record>
  <leader>02870naa a2200313 i 4500</leader>
  <controlfield tag="001">acta82484</controlfield>
  <controlfield tag="005">20231129085632.0</controlfield>
  <controlfield tag="008">231129s2023    hu      o     1||   eng d</controlfield>
  <datafield tag="020" ind1=" " ind2=" ">
   <subfield code="a">978-963-306-963-9</subfield>
  </datafield>
  <datafield tag="040" ind1=" " ind2=" ">
   <subfield code="a">SZTE Egyetemi Kiadványok Repozitórium</subfield>
   <subfield code="b">hun</subfield>
  </datafield>
  <datafield tag="041" ind1=" " ind2=" ">
   <subfield code="a">eng</subfield>
  </datafield>
  <datafield tag="100" ind1="1" ind2=" ">
   <subfield code="a">Visztra Georgina Veronika</subfield>
  </datafield>
  <datafield tag="245" ind1="1" ind2="0">
   <subfield code="a">Climatic, hydrological and soil characteristics as a driving force of biological invasion</subfield>
   <subfield code="h">[elektronikus dokumentum] :</subfield>
   <subfield code="b">a case study of Hungary /</subfield>
   <subfield code="c"> Visztra Georgina Veronika</subfield>
  </datafield>
  <datafield tag="260" ind1=" " ind2=" ">
   <subfield code="a">University of Szeged</subfield>
   <subfield code="b">Szeged</subfield>
   <subfield code="c">2023</subfield>
  </datafield>
  <datafield tag="300" ind1=" " ind2=" ">
   <subfield code="a">371-375</subfield>
  </datafield>
  <datafield tag="490" ind1="0" ind2=" ">
   <subfield code="a">Proceedings of the International Symposium on Analytical and Environmental Problems</subfield>
   <subfield code="v">29</subfield>
  </datafield>
  <datafield tag="520" ind1="3" ind2=" ">
   <subfield code="a">Invasive plants are a serious threat to biodiversity, biological invasion is a significant problem in protected areas. In order to control their spread, we need to identify the soil, hydrological and climatic conditions which provide favorable conditions for their occurrence. Soil conditions, such as pH level, organic matter and calcium carbonate content and the rooting depth can influence the occurrence of invasive plant species. Many plant species can be associated with surface water, and thus distance from surface water can also be a determining factor for biological invasion. Mean annual temperature and precipitation are climatic factors that can also influence the spread of invasive plants. We mapped the occurrence one of the most aggressively spreading non-native plants of Eurasia (Ailanthus altissima, Asclepias syriaca, Elaeagnus angustifolia, Robinia pseudoacacia, Solidago spp.) in Hungary, using field photos from the EUROSTAT Land Use and Coverage Area Frame Survey (LUCAS) and CORINE Land Cover databases, and investigated with geostatistical methods (ANOVA test in R statistics) how spatial characteristics of infection are related to soil and climatic characteristics and habitat types of Hungary. We found that all the considered soil, hydrological and climatic factor had significant effect for the spread of the investigated invasive plant species. Our results confirm that environmental preference differs between the examined species, climate change may also have a different role on the occurrence.</subfield>
  </datafield>
  <datafield tag="650" ind1=" " ind2="4">
   <subfield code="a">Természettudományok</subfield>
  </datafield>
  <datafield tag="650" ind1=" " ind2="4">
   <subfield code="a">Föld- és kapcsolódó környezettudományok</subfield>
  </datafield>
  <datafield tag="695" ind1=" " ind2=" ">
   <subfield code="a">Éghajlattan, Éghajlati változás, Hidrológia, Talajtan</subfield>
  </datafield>
  <datafield tag="700" ind1="0" ind2="1">
   <subfield code="a">Frei Kata</subfield>
   <subfield code="e">aut</subfield>
  </datafield>
  <datafield tag="700" ind1="0" ind2="1">
   <subfield code="a">Hábenczyus Alida Anna</subfield>
   <subfield code="e">aut</subfield>
  </datafield>
  <datafield tag="700" ind1="0" ind2="1">
   <subfield code="a">Soóky Anna</subfield>
   <subfield code="e">aut</subfield>
  </datafield>
  <datafield tag="700" ind1="0" ind2="1">
   <subfield code="a">Bátori Zoltán</subfield>
   <subfield code="e">aut</subfield>
  </datafield>
  <datafield tag="700" ind1="0" ind2="1">
   <subfield code="a">Laborczi Annamária</subfield>
   <subfield code="e">aut</subfield>
  </datafield>
  <datafield tag="700" ind1="0" ind2="1">
   <subfield code="a">Pásztor László</subfield>
   <subfield code="e">aut</subfield>
  </datafield>
  <datafield tag="700" ind1="0" ind2="1">
   <subfield code="a">Szilassi Péter</subfield>
   <subfield code="e">aut</subfield>
  </datafield>
  <datafield tag="711" ind1=" " ind2=" ">
   <subfield code="a">29th International Symposium on Analytical and Environmental Problems</subfield>
   <subfield code="c">Szeged</subfield>
   <subfield code="d">2023. november 13-14.</subfield>
  </datafield>
  <datafield tag="856" ind1="4" ind2="0">
   <subfield code="u">http://acta.bibl.u-szeged.hu/82484/1/proceedings_of_isaep_2023_371-375.pdf</subfield>
   <subfield code="z">Dokumentum-elérés </subfield>
  </datafield>
 </record>
</collection>
